Hottest Cities in the World A-Z - Statistics

General Stats
  • This quiz has been taken 59 times
  • The average score is 13 of 25
Answer Stats
Letter Record High Continent Answer % Correct
C 47.8 Africa Cairo
80%
S 45.8 Oceania Sydney
78%
R 49.8 Asia Riyadh
76%
D 49.0 Asia Dubai
67%
G 41.0 (105.8) North America Guadalajara
67%
P 50.0 (122) North America Phoenix
67%
K 52.1 Asia Kuwait City
65%
H 45.5 Asia Hyderābād
63%
A 50.0 Asia Ahmedabad
61%
V 34.4 (93.9) North America Vancouver
61%
B 51.8 Asia Baghdad
59%
L 50.4 Asia Lahore
57%
Q 37.4 Asia Qīngdăo
57%
Y 42.0 Asia Yangon
57%
J 52.0 Asia Jeddah
53%
M 48.0 (118.4) North America Monterrey
51%
U 42.1 Asia Ürümqi
51%
F 48.0 Asia Faisalabad
49%
Z 43.0 Asia Zhèngzhōu
47%
O 39.1 Asia Osaka
43%
I 46.0 Asia Indore
37%
N 47.9 Asia Nagpur
33%
T 44.6 Asia Tashkent
24%
W 41.4 Asia Wéifāng
14%
X 43.4 Asia Xúzhōu
12%
No matching quizzes found
Score Distribution
Percent of People with Each Score
Percentile by Number Answered
Your Score History
You have not taken this quiz